|
|
|
|
| LEADER |
05398nam a22005055i 4500 |
| 001 |
978-1-4020-2396-5 |
| 003 |
DE-He213 |
| 005 |
20151204181330.0 |
| 007 |
cr nn 008mamaa |
| 008 |
100301s2005 ne | s |||| 0|eng d |
| 020 |
|
|
|a 9781402023965
|9 978-1-4020-2396-5
|
| 024 |
7 |
|
|a 10.1007/1-4020-2396-0
|2 doi
|
| 040 |
|
|
|d GrThAP
|
| 050 |
|
4 |
|a QD450-882
|
| 072 |
|
7 |
|a PNR
|2 bicssc
|
| 072 |
|
7 |
|a SCI013050
|2 bisacsh
|
| 082 |
0 |
4 |
|a 541
|2 23
|
| 245 |
1 |
0 |
|a Spectroscopy of Emerging Materials
|h [electronic resource] /
|c edited by Eric C. Faulques, Dale L. Perry, Andrei V. Yeremenko.
|
| 264 |
|
1 |
|a Dordrecht :
|b Springer Netherlands,
|c 2005.
|
| 300 |
|
|
|a XII, 414 p.
|b online resource.
|
| 336 |
|
|
|a text
|b txt
|2 rdacontent
|
| 337 |
|
|
|a computer
|b c
|2 rdamedia
|
| 338 |
|
|
|a online resource
|b cr
|2 rdacarrier
|
| 347 |
|
|
|a text file
|b PDF
|2 rda
|
| 490 |
1 |
|
|a NATO Science Series II: Mathematics, Physics and Chemistry,
|x 1568-2609 ;
|v 165
|
| 505 |
0 |
|
|a Probing Works of Art with Photons and Charged Particles -- Applications of X-Ray Absorption Spectroscopy in Materials Science -- Structural Studies of Bio- and Related Materials Using Synchrotron Radiation -- Advances in Spectroscopy of Subthreshold Inelastic Radiation-Induced Processes in Cryocrystals -- Progress on Electron Energy Loss Spectroscopy of Nanomaterials -- Photoelectrons Spectroscopy of Organized Organic Thin Films -- Growth of Silicon Nanoclusters -- Progress in Light Emission from Silicon Nanostructures -- Nanoscale Random Spin-Orbit Coupling in Low-Dimensional Structures -- Raman and Sers Studies of Carbon Nanotubes -- Noncovalent Functionalization of Single-Walled Carbon Nanotubes for Biological Application: Raman and Nir Absorption Spectroscopy -- Peculiarities for Luminescence in Systems with Fullerene C60-Water Interface -- Photoluminescence and Structure of Fullerite C60 Intercalated with Helium -- Influence of Static and Microwave Magnetic Fields on Photogeneration of Free Charge Carriers in Donor-Acceptor Complex TBPDA·(C60)2 -- Light Scattering of Magnets in the Proximity to Quantum Criticality -- Giant Phonon Softening in Ferro-Magnetic Lamno3+? -- Raman Studies of Single and Polycrystalline Cobaltatites GdBaCo2O5+? with ? Close to 0.5 -- Phonons and magnons in La5/3Sr1/3NiO4 single crystal -- High-resolution infrared spectroscopy of low-dimensional magnetic oxides -- Magnetic Resonance in Low Doped Cu1?xMxGeO3 with Different Type of 3D AFM Ordering -- High-Field Esr Spectroscopy of Low-Dimensional Quantum Spin Systems -- Metal-Organic Complexes of CU (II): Ground State and Exchange Interactions in Magnetic Subsystem -- Solid-State NMR Studies of Novel Porous Solids: Structure and Dynamics -- Point-Contact Spectroscopy of Two-Band Superconductor MgB2 -- Modern Approaches in Point-Contact Spectroscopy and Their Application to Probe Nanoclusters in Mesoscopic Materials -- Infrared and Raman Spectra of Magnesium Ammonium Phosphate Hexahydrate (Struvite) and Its Isomorphous Analogues -- Transport, Magnetic and Optical Properties of a Quasi-Two-Dimensional Organic Metal Based on BEDO-TTF (Bis-(Ethylenedioxy) Tetrathiafulvalene) -- Spectral and Electrophysical Properties of Anion-Radical Salts of TCNQ and Methyl-TCNQ with N-Alkylpirazinium Cations -- New Development of Impedance Spectroscopy -- The Scaled Quantum-Mechanical Force Field -- Vibration-Induced Excited State Decay -- Advances in Time-Resolved Spectroscopy -- Linear and Nonlinear Light Scattering by Emerging Materials -- Development of Tomography Using Femtosecond Infrared Laser : Imaging of Biological Tissues.
|
| 520 |
|
|
|a A comprehensive discussion of the key role of modern spectroscopic investigations in interdisciplinary materials science and engineering, covering emerging materials that are either absolutely novel or well-known materials with recently discovered, exciting properties. The types of spectroscopy discussed include optical, electronic and magnetic, UV-visible absorption, Rayleigh scattering, photoluminescence, vibrational, magnetic resonance, electron energy loss, EXAFS, XANES, optical tomography, time-resolved spectroscopy, and point contact spectroscopy. The materials studied are highly topical, with a focus on carbon and silicon nanomaterials including nanotubes, fullerenes, nanoclusters, metallic superconducting phases, molecular materials, magnetic and charge-stripe oxides, and biomaterials. Theoretical treatments are presented of molecular vibrational dynamics, vibration-induced decay of electronic excited states, nanoscale spin-orbit coupling in 2D Si-based structures, and the growth of semiconductor clusters.
|
| 650 |
|
0 |
|a Chemistry.
|
| 650 |
|
0 |
|a Physical chemistry.
|
| 650 |
|
0 |
|a Polymers.
|
| 650 |
|
0 |
|a Condensed matter.
|
| 650 |
1 |
4 |
|a Chemistry.
|
| 650 |
2 |
4 |
|a Physical Chemistry.
|
| 650 |
2 |
4 |
|a Condensed Matter Physics.
|
| 650 |
2 |
4 |
|a Polymer Sciences.
|
| 700 |
1 |
|
|a Faulques, Eric C.
|e editor.
|
| 700 |
1 |
|
|a Perry, Dale L.
|e editor.
|
| 700 |
1 |
|
|a Yeremenko, Andrei V.
|e editor.
|
| 710 |
2 |
|
|a SpringerLink (Online service)
|
| 773 |
0 |
|
|t Springer eBooks
|
| 776 |
0 |
8 |
|i Printed edition:
|z 9781402023941
|
| 830 |
|
0 |
|a NATO Science Series II: Mathematics, Physics and Chemistry,
|x 1568-2609 ;
|v 165
|
| 856 |
4 |
0 |
|u http://dx.doi.org/10.1007/1-4020-2396-0
|z Full Text via HEAL-Link
|
| 912 |
|
|
|a ZDB-2-CMS
|
| 950 |
|
|
|a Chemistry and Materials Science (Springer-11644)
|